[Event "POL-chT 2nd League"]
[Site "Jastrzebia Gora"]
[Date "2023.09.04"]
[Round "3.102"]
[White "Woznica, Alicja1111"]
[Black "Kostecka, Marika"]
[Result "1-0"]
[WhiteElo "1429"]
[BlackElo "1928"]
[PlyCount "31"]
[EventDate "2023.09.02"]
[EventType "team-swiss"]
[EventRounds "9"]
[EventCountry "POL"]
[SourceTitle "EXT 2024"]
[Source "ChessBase"]
[SourceDate "2023.10.10"]
[SourceVersion "1"]
[SourceVersionDate "2023.10.10"]
[SourceQuality "1"]
[WhiteTeam "Olesnica Pogon"]
[BlackTeam "Lipno Steszew"]
[WhiteTeamCountry "POL"]
[BlackTeamCountry "POL"]

1. d4 Nf6 2. Nf3 e6 3. Bf4 c5 4. c3 d5 5. e3 Nc6 6. Nbd2 Bd6 7. Bg3 0-0 8. Bd3 b6 9. e4 dxe4 10. Nxe4 Nxe4 11. Bxe4 Bb7 12. Qa4 Rc8 13. dxc5 Bxc5 14. Rd1 Qe8 15. Bxh7+ Kxh7 16. Qh4+ 1-0

[Event "Jesenik op-A"]
[Site "Jesenik"]
[Date "2023.08.26"]
[Round "8"]
[White "Kostecka, Marika"]
[Black "Tillmann, Stanislav"]
[Result "0-1"]
[WhiteElo "1887"]
[BlackElo "1957"]
[PlyCount "104"]
[EventDate "2023.08.19"]
[EventType "swiss"]
[EventRounds "9"]
[EventCountry "CZE"]
[SourceTitle "EXT 2024"]
[Source "ChessBase"]
[SourceDate "2023.10.10"]
[SourceVersion "1"]
[SourceVersionDate "2023.10.10"]
[SourceQuality "1"]

1. e4 c5 2. Nf3 e6 3. d4 cxd4 4. Nxd4 a6 5. Bd3 Qc7 6. 0-0 Nf6 7. Qe2 d6 8. f4 Nbd7 9. c4 Be7 10. Nc3 h5 11. f5 Ne5 12. fxe6 fxe6 13. Nf3 Nfg4 14. Nxe5 Nxe5 15. Be3 Bd7 16. Rac1 Bf6 17. Kh1 Rc8 18. b3 Ke7 19. Nb1 b6 20. b4 Rhf8 21. c5 Nxd3 22. Qxd3 bxc5 23. bxc5 Bb5 24. cxd6+ Qxd6 25. Qxd6+ Kxd6 26. Rfd1+ Ke5 27. Nc3 Rfd8 28. Rxd8 Rxd8 29. g3 Rd3 30. Bf4+ Kd4 31. Nxb5+ axb5 32. e5 Bxe5 33. Bxe5+ Kxe5 34. Re1+ Kd5 35. Re2 Kc4 36. Rc2+ Kb4 37. Rb2+ Ka4 38. Kg2 b4 39. Re2 Ka3 40. Kf2 Rd1 41. Rxe6 Kxa2 42. Ke2 Rd7 43. Ra6+ Kb2 44. h3 b3 45. Ra8 Kb1 46. g4 hxg4 47. hxg4 b2 48. Ra6 Rd5 49. Ke1 Kc2 50. Rc6+ Kb3 51. Rb6+ Kc3 52. Rb8 Rd4 0-1

[Event "Jesenik op-A"]
[Site "Jesenik"]
[Date "2023.08.21"]
[Round "3"]
[White "Dvorak, Martin"]
[Black "Kostecka, Marika"]
[Result "1-0"]
[WhiteElo "2165"]
[BlackElo "1887"]
[PlyCount "61"]
[EventDate "2023.08.19"]
[EventType "swiss"]
[EventRounds "9"]
[EventCountry "CZE"]
[SourceTitle "EXT 2024"]
[Source "ChessBase"]
[SourceDate "2023.10.10"]
[SourceVersion "1"]
[SourceVersionDate "2023.10.10"]
[SourceQuality "1"]

1. e4 c5 2. Nf3 d6 3. d4 cxd4 4. Nxd4 Nf6 5. Nc3 Nc6 6. Be2 g6 7. Nf3 Bg7 8. 0-0 0-0 9. h3 a6 10. Re1 b5 11. Bf1 Bb7 12. g4 b4 13. Nd5 Nxd5 14. exd5 Ne5 15. Bg2 Nxf3+ 16. Qxf3 e5 17. Qb3 a5 18. a3 Rb8 19. axb4 axb4 20. Ra4 Ba8 21. Rxb4 Qc7 22. Bd2 f5 23. c4 Kh8 24. Rc1 Rxb4 25. Qxb4 e4 26. Bf4 Rd8 27. c5 Rb8 28. Qa4 Bxb2 29. Bxd6 Qxd6 30. cxd6 Bxc1 31. Qa7 1-0

[Event "Warsaw Chess op-A"]
[Site "Warsaw"]
[Date "2022.07.20"]
[Round "3"]
[White "Kostecka, Marika"]
[Black "Siekanska, Maria"]
[Result "1-0"]
[WhiteElo "1836"]
[BlackElo "1964"]
[PlyCount "87"]
[EventDate "2022.07.18"]
[EventType "swiss"]
[EventRounds "9"]
[EventCountry "POL"]
[SourceTitle "CBM 209 Extra"]
[Source "ChessBase"]
[SourceDate "2022.09.30"]
[SourceVersion "1"]
[SourceVersionDate "2022.09.30"]
[SourceQuality "1"]

1. e4 c5 2. Nf3 d6 3. d4 cxd4 4. Nxd4 Nf6 5. Nc3 a6 6. Be3 e6 7. f3 b5 8. a3 Bb7 9. Qd2 Nbd7 10. g4 Nb6 11. 0-0-0 Nfd7 12. Nb3 Rc8 13. Rg1 Ne5 14. Na5 Ba8 15. Qf2 Nec4 16. Nxc4 Nxc4 17. Bxc4 Rxc4 18. f4 Bxe4 19. Nxe4 Rxe4 20. f5 Be7 21. fxe6 Rxe6 22. g5 0-0 23. Rd5 Qb8 24. Bd2 Bd8 25. Qf5 Re5 26. Qd3 Rxd5 27. Qxd5 a5 28. g6 Qb6 29. gxh7+ Kh8 30. Qg2 Bf6 31. Qg4 Re8 32. Kb1 a4 33. Bc3 Bxc3 34. bxc3 g6 35. Rf1 Qc7 36. Qd4+ Kxh7 37. Rf4 Re5 38. Rf6 Re6 39. Rf3 Kg8 40. Rh3 Re5 41. Rh6 Qc4 42. Qxd6 Re1+ 43. Kb2 Qf1 44. Qd8+ 1-0

[Event "Poznan op 28th"]
[Site "Poznan"]
[Date "2021.08.20"]
[Round "7"]
[White "Raczynski, Krzysztof"]
[Black "Kostecka, Marika"]
[Result "1/2-1/2"]
[WhiteElo "2212"]
[BlackElo "1833"]
[PlyCount "100"]
[EventDate "2021.08.15"]
[EventType "swiss"]
[EventRounds "9"]
[EventCountry "POL"]
[SourceTitle "CBM 203 Extra"]
[Source "ChessBase"]
[SourceDate "2021.09.30"]
[SourceVersion "1"]
[SourceVersionDate "2021.09.30"]
[SourceQuality "1"]

1. e4 c5 2. Nf3 d6 3. d4 cxd4 4. Nxd4 Nf6 5. Nc3 a6 6. a3 e6 7. f4 Be7 8. Bd3 Nbd7 9. 0-0 Nc5 10. Qf3 Nxd3 11. cxd3 0-0 12. Be3 Qd7 13. e5 dxe5 14. fxe5 Nd5 15. Nxd5 Qxd5 16. Qxd5 exd5 17. Rac1 Bd8 18. Rfe1 Bd7 19. Rc5 Be6 20. Rc3 Bb6 21. Nc2 Bxe3+ 22. Rxe3 Rac8 23. Rxc8 Rxc8 24. Nd4 Kf8 25. Re1 Ke7 26. Kf2 Rc7 27. h4 Bg4 28. Ke3 Be6 29. Kf4 Rc8 30. g3 Rc7 31. Ke3 Rc8 32. Kd2 Kd7 33. b4 b6 34. Rb1 b5 35. Nb3 Rc6 36. Nc5+ Ke7 37. Ke3 a5 38. Nb3 axb4 39. Nd4 Ra6 40. axb4 Bd7 41. Kd2 Ra2+ 42. Nc2 d4 43. Re1 Bf5 44. Kc1 Bxd3 45. Nxd4 Ra1+ 46. Kd2 Rxe1 47. Kxe1 f6 48. exf6+ Kxf6 49. Kd2 Bc4 50. Ke3 Ke5 1/2-1/2

[Event "Lazy Baltic Pearl op-A 17th"]
[Site "Lazy"]
[Date "2021.06.28"]
[Round "2"]
[White "Sernecki, Franciszek"]
[Black "Kostecka, Marika"]
[Result "1-0"]
[WhiteElo "2211"]
[BlackElo "1864"]
[PlyCount "57"]
[EventDate "2021.06.27"]
[EventType "swiss"]
[EventRounds "9"]
[EventCountry "POL"]
[SourceTitle "EXT 2022"]
[Source "ChessBase"]
[SourceDate "2021.10.06"]
[SourceVersion "1"]
[SourceVersionDate "2021.10.06"]
[SourceQuality "1"]

1. d4 Nf6 2. c4 g6 3. Nc3 Bg7 4. e4 d6 5. Nf3 0-0 6. Be2 Na6 7. 0-0 e5 8. Be3 Ng4 9. Bg5 Qe8 10. dxe5 Nxe5 11. Nd4 Nc6 12. Be3 Nc5 13. Ndb5 Ne6 14. Nd5 Qd8 15. f4 a6 16. f5 axb5 17. f6 bxc4 18. fxg7 Nxg7 19. Nf6+ Kh8 20. Qe1 Ra5 21. Bd2 Rc5 22. Qh4 h5 23. Bc3 b5 24. a3 Be6 25. Kh1 Qe7 26. Qg3 Rb8 27. Qe3 g5 28. Bxh5 Nxh5 29. Nd5+ 1-0

[Event "POL-chT 2nd League"]
[Site "Poronin"]
[Date "2020.09.06"]
[Round "2.12"]
[White "Kostecka, Marika"]
[Black "Szelag, Zuzanna"]
[Result "0-1"]
[WhiteElo "1917"]
[BlackElo "1841"]
[PlyCount "82"]
[EventDate "2020.09.05"]
[EventType "team-swiss"]
[EventRounds "9"]
[EventCountry "POL"]
[SourceTitle "CBM 198 Extra"]
[Source "ChessBase"]
[SourceDate "2020.11.30"]
[SourceVersion "1"]
[SourceVersionDate "2020.11.30"]
[SourceQuality "1"]
[WhiteTeam "Lipno Steszew"]
[BlackTeam "Chrobry Gniezno"]
[WhiteTeamCountry "POL"]
[BlackTeamCountry "POL"]

1. e4 c5 2. Nf3 d6 3. d4 cxd4 4. Nxd4 Nf6 5. Nc3 a6 6. Be3 e5 7. Nb3 Be6 8. f3 h5 9. a4 Nbd7 10. a5 Rc8 11. Be2 Be7 12. 0-0 0-0 13. Qd2 Qc7 14. Rac1 Rfd8 15. Nd5 Nxd5 16. exd5 Bf5 17. c4 h4 18. Na1 Re8 19. b4 Nf6 20. c5 e4 21. c6 Bd8 22. b5 exf3 23. b6 Qe7 24. cxb7 Qxb7 25. Bxf3 Rxc1 26. Rxc1 Ne4 27. Qb4 Qb8 28. Bf4 Bg5 29. Bxg5 Nxg5 30. Qxh4 Nxf3+ 31. gxf3 Qb7 32. Rc6 Qd7 33. Nb3 Re5 34. b7 Qxb7 35. Qd8+ Kh7 36. Qh4+ Kg8 37. Qd8+ Kh7 38. Qxd6 f6 39. Qa3 Qf7 40. d6 Qg6+ 41. Kf2 Bh3 0-1

[Event "EU-ch U18 Girls"]
[Site "Bratislava"]
[Date "2019.08.08"]
[Round "7"]
[White "Kostecka, Marika"]
[Black "Kulpa, Zuzanna"]
[Result "0-1"]
[WhiteElo "1917"]
[BlackElo "1747"]
[PlyCount "148"]
[EventDate "2019.08.02"]
[EventType "swiss"]
[EventRounds "9"]
[EventCountry "SVK"]
[SourceTitle "CBM 191 Extra"]
[Source "ChessBase"]
[SourceDate "2019.09.30"]
[SourceVersion "1"]
[SourceVersionDate "2019.09.30"]
[SourceQuality "1"]

1. e4 e5 2. Nf3 Nc6 3. Bb5 a6 4. Ba4 Nf6 5. 0-0 Be7 6. Re1 b5 7. Bb3 d6 8. c3 0-0 9. h3 h6 10. d4 Re8 11. Nbd2 Bf8 12. Nf1 Bd7 13. Ng3 Na5 14. Bc2 c5 15. b3 Nc6 16. Be3 Rb8 17. Qd2 a5 18. d5 Ne7 19. b4 c4 20. a4 axb4 21. cxb4 Qc7 22. Qc3 Rb7 23. axb5 Bxb5 24. Ba4 Qd7 25. Bxb5 Qxb5 26. Bd2 Rc8 27. Ra5 Qd7 28. Rb1 Qc7 29. b5 Nd7 30. Be3 Nc5 31. Bxc5 Qxc5 32. b6 Rxb6 33. Rxc5 Rxb1+ 34. Nf1 Rxc5 35. N3d2 Rb8 36. Nxc4 Rbc8 37. Nfd2 Ng6 38. g3 Be7 39. Qb3 Nf8 40. Qa4 f5 41. f3 fxe4 42. fxe4 Bg5 43. Nxd6 Bxd2 44. Nxc8 Rxc8 45. Kf2 Bg5 46. Qa6 Rd8 47. Kf3 Be7 48. Qb7 Kf7 49. Qc7 Rd6 50. h4 h5 51. Ke2 Nd7 52. Ke3 Nf6 53. Kf3 Ng4 54. Ke2 Rf6 55. Kd3 Rf3+ 56. Kc4 Rf6 57. Kd3 Ra6 58. Ke2 Ra2+ 59. Kd3 Ra3+ 60. Kc4 Ra6 61. Kd3 Rd6 62. Ke2 Nf6 63. Kf3 Ne8 64. Qc8 Rf6+ 65. Ke3 Nd6 66. Qc7 Rf1 67. Qd7 Re1+ 68. Kf3 Rxe4 69. Qe6+ Kf8 70. Qg6 Rd4 71. Qxh5 Rxd5 72. Qh8+ Kf7 73. Qh5+ Kg8 74. g4 e4+ 0-1

[Event "EU-ch U18 Girls"]
[Site "Bratislava"]
[Date "2019.08.07"]
[Round "6"]
[White "Maksimovic, Masa"]
[Black "Kostecka, Marika"]
[Result "1/2-1/2"]
[WhiteElo "2136"]
[BlackElo "1917"]
[PlyCount "112"]
[EventDate "2019.08.02"]
[EventType "swiss"]
[EventRounds "9"]
[EventCountry "SVK"]
[SourceTitle "CBM 191 Extra"]
[Source "ChessBase"]
[SourceDate "2019.09.30"]
[SourceVersion "1"]
[SourceVersionDate "2019.09.30"]
[SourceQuality "1"]

1. e4 c5 2. Nf3 d6 3. d4 cxd4 4. Nxd4 Nf6 5. Nc3 a6 6. h3 e5 7. Nde2 b5 8. Ng3 Nbd7 9. a4 Qa5 10. Be3 b4 11. Nd5 Nxd5 12. Qxd5 Qxd5 13. exd5 f5 14. Nxf5 Nf6 15. Ng3 Nxd5 16. Bd2 Be7 17. a5 Rb8 18. Bc4 Nc7 19. 0-0 d5 20. Bb3 0-0 21. f4 Bc5+ 22. Kh1 Bd4 23. Rab1 Be6 24. Ne2 Bf5 25. Be1 Rb5 26. Nxd4 exd4 27. Rd1 Ne6 28. Kg1 Be4 29. g3 g5 30. fxg5 Nxg5 31. Rxf8+ Kxf8 32. h4 Nf3+ 33. Kf2 Kg7 34. Bd2 Kf6 35. Bh6 Rxa5 36. Rf1 Kf5 37. Bf8 Rb5 38. Ra1 a5 39. Bd6 Ne5 40. Ba4 Rb7 41. Bb3 Nc6 42. Rf1 Ne5 43. Ra1 Ng4+ 44. Ke2 Ne3 45. Kd2 Rb6 46. Bc5 Rc6 47. Rxa5 Kg4 48. Bxd4 Bxc2 49. Kxe3 Bxb3 50. Ra7 Re6+ 51. Kf2 Bc2 52. Rc7 Bd3 53. Be3 Rf6+ 54. Bf4 Re6 55. Be3 Rf6+ 56. Bf4 Re6 1/2-1/2

[Event "Baltic Pearl op 15th"]
[Site "Lazy"]
[Date "2019.06.28"]
[Round "6"]
[White "Karpus, Michal"]
[Black "Kostecka, Marika"]
[Result "1-0"]
[WhiteElo "2312"]
[BlackElo "1924"]
[PlyCount "59"]
[EventDate "2019.06.23"]
[EventType "swiss"]
[EventRounds "9"]
[EventCountry "POL"]
[SourceTitle "CBM 191 Extra"]
[Source "ChessBase"]
[SourceDate "2019.09.30"]
[SourceVersion "1"]
[SourceVersionDate "2019.09.30"]
[SourceQuality "1"]

1. e4 c5 2. Nf3 d6 3. d4 cxd4 4. Nxd4 Nf6 5. Nc3 a6 6. Be3 e5 7. Nb3 Be6 8. Qd2 Nbd7 9. f3 h5 10. 0-0-0 Be7 11. Nd5 Bxd5 12. exd5 b5 13. Na5 Qc7 14. Nc6 Nxd5 15. Qxd5 Nf6 16. Nxe7 Nxd5 17. Nxd5 Qc6 18. Nb4 Qd7 19. Bd3 f5 20. f4 d5 21. Be2 d4 22. fxe5 dxe3 23. Rxd7 Kxd7 24. Rd1+ Ke6 25. Rd6+ Kxe5 26. Rg6 f4 27. Nc6+ Kd5 28. Bf3+ Kc5 29. b4+ Kc4 30. Rg5 1-0

[Event "Baltic Pearl op 15th"]
[Site "Lazy"]
[Date "2019.06.24"]
[Round "2"]
[White "Cukrowski, Filip"]
[Black "Kostecka, Marika"]
[Result "1-0"]
[WhiteElo "2421"]
[BlackElo "1924"]
[PlyCount "49"]
[EventDate "2019.06.23"]
[EventType "swiss"]
[EventRounds "9"]
[EventCountry "POL"]
[SourceTitle "CBM 191 Extra"]
[Source "ChessBase"]
[SourceDate "2019.09.30"]
[SourceVersion "1"]
[SourceVersionDate "2019.09.30"]
[SourceQuality "1"]

1. e4 c5 2. Nf3 d6 3. c3 Nf6 4. Be2 Nc6 5. d4 g6 6. 0-0 Bg7 7. d5 Ne5 8. Nxe5 dxe5 9. Be3 Qc7 10. Nd2 0-0 11. b4 cxb4 12. cxb4 e6 13. d6 Qd7 14. f3 Rd8 15. Nc4 Ne8 16. Qc2 Qc6 17. Rac1 b6 18. b5 Qb7 19. a4 Qb8 20. a5 Nxd6 21. Rfd1 Rd7 22. Nxd6 Rxd6 23. Qxc8+ Qxc8 24. Rxc8+ Rxc8 25. Rxd6 1-0

[Event "Krakow op-B 28th"]
[Site "Krakow"]
[Date "2017.12.30"]
[Round "5"]
[White "Gorkiewicz, Mateusz"]
[Black "Kostecka, Marika"]
[Result "1-0"]
[WhiteElo "1805"]
[BlackElo "1898"]
[PlyCount "49"]
[EventDate "2017.12.27"]
[EventType "swiss"]
[EventRounds "9"]
[EventCountry "POL"]
[SourceTitle "CBM 182 Extra"]
[Source "ChessBase"]
[SourceDate "2018.02.23"]
[SourceVersion "1"]
[SourceVersionDate "2018.02.23"]
[SourceQuality "1"]

1. e4 c5 2. Nf3 d6 3. d4 cxd4 4. Nxd4 Nf6 5. Nc3 a6 6. Be2 e5 7. Nb3 Be7 8. 0-0 0-0 9. Be3 Be6 10. f4 b5 11. f5 Bd7 12. Bf3 Nc6 13. g4 h6 14. Qd2 Na5 15. Nxa5 Qxa5 16. g5 hxg5 17. Bxg5 b4 18. Ne2 Bc6 19. Ng3 Rfd8 20. Bxf6 Bxf6 21. Nh5 Bh4 22. Qg2 g6 23. fxg6 f6 24. Qh3 Bg5 25. Nxf6+ 1-0